| 000 | 00650nam a22002177a 4500 | ||
|---|---|---|---|
| 003 | OSt | ||
| 005 | 20140310182941.0 | ||
| 008 | 130204t xxu||||| |||| 00| 0 eng d | ||
| 020 | _a9715693304 | ||
| 050 |
_aPE 1408 _b.D121 1992 |
||
| 082 |
_aF808.0427 _b.D121 1996 |
||
| 245 |
_aReading into writing 2 : _cDadufalza, Concepcion D. _ba handbook-workbook-reader for critical reading and writing in expository discourse |
||
| 260 |
_aMakati City : _bBookmark, _cc1996 |
||
| 300 |
_axi, 476 p. : _c26 cm. |
||
| 521 | _acollege students | ||
| 526 | _c1210L-1700L | ||
| 541 | _j1 | ||
| 541 | _j2 | ||
| 562 | _e2 | ||
| 942 |
_2lcc _cBK _kFIL |
||
| 999 |
_c17719 _d17719 |
||